Регионална библиотека "Любен Каравелов" - Русе

[Висш институт по механизация и електрификация на селското стопанство] ВИМЕСС - Русе (Запис номер 211021)

MARC детайли
000 -Лидер
Контролно поле с фиксирана дължина 01544nkm a2200361 c 4500
003 - Код на организацията, давaща контролен номер
Контролно поле BLK
005 - Дата и час на последна редакция
Контролно поле 20220210084537.0
008 - Елементи от данни с фиксирана дължина
fixed length control field 180412b bul rap|r|||| r0| ||bulo|
010 ## - Наследен системен номер
LC control number KNG00175006000
040 ## - Източник на каталожния запис
Идентификатор на билиотеката - собственик на записа BLK
041 ## - Код за език
Код за езика на текст/звукозапис или на отделно заглавие Български
Код за езика КДБФ Български
072 #7 - Код за тематичната категория
Код организация bullib
Код за тематична категория К
Текст Краезнание
080 ## - УДК
Текстов определител УДК Висши селскостопански учебни заведения
УДК код - определител по УДК 378.963
УДК определител (497.215)((084)
УДК - код + определител 378.963(497.215)((084)
080 ## - УДК
Текстов определител УДК Университети
УДК код - определител по УДК 378.4
УДК определител (497.215)
УДК - код + определител 378.4(497.215)
139 ## - Редно поле
Редна дума [Висш институт по механизация и електрификация на селското стопанство] ВИМЕСС - Русе
Авторски знак Вис - В 64
245 10 - Сведения за заглавието
Заглавие [Висш институт по механизация и електрификация на селското стопанство] ВИМЕСС - Русе
Подзаглавни данни Десети юбилеен випуск 1960 - 1965 г. : Фотоалбум
257 ## - Страна на издаване
Страна на създаване/издаване България
260 ## - Област на издателските данни
Име на издателя, разпространителя и проч. Фотоиздат
Година на издаване 1966
300 ## - Физическа характеристика
Страници 85 с.
Размери/Мащаб 16 см
380 ## - Жанр
Жанр Обществени науки
650 #4 - Допълнително описание по предмет – тема
Основно описание – тема или топоним Висши учебни заведения - България - Русе
9 (RLIN) 271055
651 #4 - Допълнително описание по предмет - топоним
Географско понятие България
9 (RLIN) 241624
651 #4 - Допълнително описание по предмет - топоним
Географско понятие Русе
9 (RLIN) 179462
653 ## - Ключова дума – ненормативна
Ключова дума Русенски университет
653 ## - Ключова дума – ненормативна
Ключова дума университети
653 ## - Ключова дума – ненормативна
Ключова дума история
659 ## - Тематичен бюлетин
Тематичен бюлетин К
852 ## - Местоположение
Форматна сигнатура Цб Гр А І 1107
852 ## - Местоположение
Форматна сигнатура К 378/В 64
856 4# - Електронен адрес и достъп
Електронен формат pdf - файл
Път до файла /url/
856 4# - Електронен адрес и достъп
Електронен формат pdf - файл
Път до файла /url/
999 ## - СИСТЕМНИ КОНТРОЛНИ НОМЕРА
Koha biblionumber 211021
Koha biblioitemnumber 211021
942 ## - АРТИКУЛИ
Вид на библиотечния материал Графични издания
Скрит в OPAC Не
Периодичен библиозапис Да
944 ## - СЪЗДАВАНЕ И РЕДАКЦИЯ на ЗАПИСА
Създаване/Редакция Създаване
Дата на регистрацията/редакция 11.05.2015
Служител, извършил регистрацията/редакцията Валя_Йорданова
944 ## - СЪЗДАВАНЕ И РЕДАКЦИЯ на ЗАПИСА
Създаване/Редакция Редакция
Дата на регистрацията/редакция 11.05.2015
Служител, извършил регистрацията/редакцията Валя_Йорданова
999 ## - СИСТЕМНИ КОНТРОЛНИ НОМЕРА
Koha biblioitemnumber 211021
Наличности
Код за отписване Код за изгубен артикул Източник на класификационната схема Код за повреда Коз за рестрикции Код за отдаване Артикулен № Име на библиотеката - собственик Име на библиотеката, в която се намира в момента Статус (Текущо местоположение) Дата на вписване в системата Местоположение - отдел Цена в лева Инвентарен номер Систематично азбучна сигнатура Баркод Номер на екземпляра Цена в евро Служебна бележка Служебен тип на артикула
  Не е изгубен Universal Decimal Classification Не е повреден без рестрикции ползва се в читалня 362843 Регионална библиотека "Любен Каравелов" Русе Регионална библиотека "Любен Каравелов" Русе Краезнание 1966-01-01 Краезнание 5.00 5949/66 К 378/В 64 900000003266 1 2.56 N: Сф Дата: 01.01.1966 Дата инв: 10.11.2017 Бележки инв: К2017 Графични издания
Vip Innovations Ltd, Rousse, Bulgaria 2025